Interfaces between second language acquisition and language testing research
সংরক্ষণ করুন:
| প্রধান লেখক: | , |
|---|---|
| বিন্যাস: | গ্রন্থ |
| ভাষা: | ইংরেজি |
| প্রকাশিত: |
Cambridge
Cambridge University
1998
|
| মালা: | The Cambridge Applied Linguistics Series
|
| বিষয়গুলি: | |
| ট্যাগগুলো: |
ট্যাগ যুক্ত করুন
কোনো ট্যাগ নেই, প্রথমজন হিসাবে ট্যাগ করুন!
|
MARC
| LEADER | 00000nam a2200000 a 4500 | ||
|---|---|---|---|
| 001 | UCN8531 | ||
| 003 | CL-VaPUC | ||
| 008 | 011116e19980000uk |||||||||||||||||eng|d | ||
| 082 | 0 | 4 | |a 401.93 |b BAC |2 21 |
| 100 | 0 | |a Bachman, Lyle F |e author |9 464785 | |
| 700 | 0 | |a Cohen, Andrew D |e author |9 464786 | |
| 245 | 1 | 0 | |a Interfaces between second language acquisition and language testing research |
| 300 | |a 202 p | ||
| 942 | |c BK | ||
| 945 | |d 20011116 00:00:00 |a cmena | ||
| 260 | |a Cambridge |b Cambridge University |c 1998 | ||
| 650 | 0 | |a Adquisición del lenguaje |9 309032 | |
| 650 | 0 | |a Educación lingüística |9 306506 | |
| 650 | 0 | |a Aquisición de segundo lenguaje |9 464787 | |
| 583 | |a last modification |c 20130806 04:07:07 |k Rodrigo Vera | ||
| 490 | 0 | |a The Cambridge Applied Linguistics Series | |
| 999 | |c 298370 |d 298368 | ||
| 952 | |0 0 |1 0 |4 0 |6 401_930000000000000_BAC_1998 |7 0 |8 A |9 353892 |a FDOPOS |b FDOPOS |d 2019-11-21 |i 377239K |o 401.93 BAC 1998 |p 377239K |r 2025-01-22 |w 2019-11-21 |y BK |k MLA | ||